GOD AND THE NEW PHYSICS (Record no. 373990)

MARC details
000 -LEADER
fixed length control field 00424nam a2200169Ia 4500
008 - FIXED-LENGTH DATA ELEMENTS--GENERAL INFORMATION
fixed length control field 100122s9999 xx 000 0 und d
082 ## - DEWEY DECIMAL CLASSIFICATION NUMBER
Item number 46357
Classification number 291.5
100 ## - MAIN ENTRY--PERSONAL NAME
Personal name DAVIES PAUL
245 ## - TITLE STATEMENT
Title GOD AND THE NEW PHYSICS
260 ## - PUBLICATION, DISTRIBUTION, ETC. (IMPRINT)
Name of publisher, distributor, etc PENGUIN BOOKS
Date of publication, distribution, etc 1990
300 ## - PHYSICAL DESCRIPTION
Extent 247
520 ## - SUMMARY, ETC.
Summary, etc GOD / SCIENCE
620 ## -
-- GOD / SCIENCE
630 ## - SUBJECT ADDED ENTRY--UNIFORM TITLE
Uniform title GOD AND THE NEW PHYSICS
730 ## - ADDED ENTRY--UNIFORM TITLE
Uniform title GOD AND THE NEW PHYSICS
942 ## - ADDED ENTRY ELEMENTS (KOHA)
Koha item type Book
Holdings
Withdrawn status Lost status Damaged status Not for loan Home library Current library Date acquired Cost, normal purchase price Total Checkouts Full call number Barcode Date last seen Cost, replacement price Price effective from Koha item type Public note
        S.V. Pathak Library, Vile Parle S.V. Pathak Library, Vile Parle 02/14/1992 304.00   46357 SVPPARLE-46357 01/25/2010 304.00 01/25/2010 Book ", , General, NA"